Reseña y catálogo de la arquitectura modernista / (Record no. 34249)

MARC details
000 -LEADER
campo de control de longitud fija 00829nam a2200241 i 4500
001 - NÚMERO DE CONTROL
campo de control 34249
003 - IDENTIFICADOR DE NÚMERO DE CONTROL
campo de control ES-MaACL
005 - FECHA Y HORA DE LA ÚLTIMA TRANSACCIÓN
campo de control 20251006165627.0
007 - CAMPO FIJO DE DESCRIPCIÓN FÍSICA--INFORMACIÓN GENERAL
campo de control de longitud fija t|
008 - DATOS DE LONGITUD FIJA--INFORMACIÓN GENERAL
campo de control de longitud fija 030204s1983 sp ||||1| spa d
100 1# - ENTRADA PRINCIPAL--NOMBRE DE PERSONA
Nombre de persona Bohigas, Oriol.
9 (RLIN) 29819
245 10 - MENCIÓN DEL TÍTULO
Título Reseña y catálogo de la arquitectura modernista /
Mención de responsabilidad, etc. Oriol Bohigas ; ampliación y revisión del catálogo por Antoni González y Raquel Lacuesta.
250 ## - MENCION DE EDICION
Mención de edición [3ª ed.].
260 ## - PUBLICACIÓN, DISTRIBUCIÓN, ETC.
Lugar de publicación, distribución, etc. Barcelona :
Nombre del editor, distribuidor, etc. Lumen,
Fecha de publicación, distribución, etc. [1983]
300 ## - DESCRIPCIÓN FÍSICA
Extensión 2 v. :
Otras características físicas il. ;
Dimensiones 19 cm.
490 1# - MENCIÓN DE SERIE
Mención de serie Palabra en el tiempo
650 #4 - PUNTO DE ACCESO ADICIONAL DE MATERIA--TÉRMINO DE MATERIA
Término de materia o nombre geográfico como elemento de entrada Arquitectura modernista-
Subdivisión geográfica Cataluña.
9 (RLIN) 139391
700 1# - ENTRADA AGREGADA--NOMBRE PERSONAL
Nombre de persona González i Moreno-Navarro, Antoni
9 (RLIN) 58288
700 1# - ENTRADA AGREGADA--NOMBRE PERSONAL
Nombre de persona Lacuesta, Raquel.
9 (RLIN) 69421
830 0# - PUNTO DE ACCESO ADICIONAL DE SERIE-TÍTULO UNIFORME
Título uniforme Palabra en el tiempo
9 (RLIN) 177857
852 ## - LOCALIZACIÓN
Ubicación ES-MaACL
Número de control de estantería L-6271-2
Sublocalización o colección R.107043
Holdings
Estatus retirado Estado de pérdida Estado de daño No para préstamo Biblioteca de origen Biblioteca actual Ubicación en estantería Fecha de adquisición Fuente de adquisición Total de préstamos Signatura topográfica completa Código de barras Visto por última vez Precio de reemplazo Tipo de ítem Koha
        Biblioteca del Ateneo de Madrid Biblioteca del Ateneo de Madrid Depósito 2 17/01/2008     L-6271-2 1035716 23/02/2023 23/02/2023 Libro impreso